000 01218cam a2200325 i 4500
001 2264461
003 Ke-BoTe
005 20220428163304.0
008 780526s1978 maua b 100 0 eng
010 _a 78017971
020 _a0816121273
040 _aDLC
_cDLC
_dDLC
043 _an-us---
050 0 0 _aHV5825
_b.N33 1977
060 _aEM270.3 N277m 1977
082 0 0 _a362.2/93
111 2 _aNational Drug Abuse Conference,
_b4th,
_cSan Francisco,
_d1977.
_93996
245 1 2 _aA multicultural view of drug abuse :
_bproceedings of the National Drug Abuse Conference, 1977 /
_cedited by David E. Smith ... [et al.].
260 _aCambridge :
_bSchenkman Pub. Co.,
_cc1978.
300 _axxvii, 616 p. :
_bill. ;
_c25 cm.
504 _aIncludes bibliographies.
650 0 _aDrug abuse
_zUnited States
_xCongresses.
_93997
650 0 _aDrug abuse
_xTreatment
_zUnited States
_xCongresses.
_93998
650 0 _aDrug abuse
_zUnited States
_xPrevention
_xCongresses.
_93999
650 2 _aDrug abuse
_xCongresses.
_94000
650 2 _aCross-cultural comparison
_xCongresses.
_94001
700 1 _aSmith, David E.
_q(David Elvin),
_d1939-
_94002
906 _a7
_bcbc
_corignew
_d1
_eocip
_f19
_gy-gencatlg
942 _2lcc
_cBK
_n0
999 _c1993
_d1993